000
00302nam a2200109Ia 4500
008
200302s9999 xx 000 0 und d
100
_a
Dr. G. Venkkataramayya
245
_a
Narrative art of South Indian Temples (Srisailam)
260
_b
Bharatiya Kala Prakahan Delhi
260
_c
2004
300
_a
160 P.,
999
_c
3897
_d
3897